| 000 | 00529nam a22001817a 4500 | ||
|---|---|---|---|
| 003 | CEME | ||
| 005 | 20210628203247.0 | ||
| 008 | 210122b xxu||||| |||| 00| 0 eng d | ||
| 020 | _a0-8306-3257-3 | ||
| 040 | _c. | ||
| 082 | _a697 KIT | ||
| 100 |
_aKittle, James L _964364 |
||
| 245 | _aHome heating and air conditioning systems | ||
| 260 |
_bTAB BOOKS _c1990 |
||
| 300 | _aX,230 P | ||
| 650 |
_aDWELLINGS - HEATING AND VENTILATION AMATEURS` MANUALS.DWELLINGS - AIR CONDITIONING AMATEURS` MANUALS _964365 |
||
| 942 |
_cBK _2ddc |
||
| 999 |
_c572880 _d572880 |
||